|
|
|
|
| LEADER |
02000nam a2200361 a 4500 |
| 001 |
mzk03001049493 |
| 003 |
CZ BrMZK |
| 005 |
20090907124502.0 |
| 007 |
ta |
| 008 |
070517s1735 xr fr|||||00| ||latod |
| 040 |
|
|
|a BOA001
|b cze
|
| 041 |
1 |
|
|a lat
|h ita
|
| 072 |
|
7 |
|a 094
|x Staré tisky
|2 Konspekt
|9 12
|
| 080 |
|
|
|a (0.068)094
|2 MRF
|
| 100 |
1 |
|
|a Arpe, Agostino Maria,
|d 1660-1720
|7 ola2008481192
|4 aut
|
| 245 |
1 |
0 |
|a Diarium Sanctorum Et Beatorum Augustinensium /
|c Authore Admodum Reverendo, ac Eximio Pater Magisto, P. Augustino Maria Arpe, Ord. Er. S. August. SS. Theologiae Doctore, Serenissimae Reipublicae Genuensis Theologo, & S. Officii Inquisitionis Consultore, idiomate Italico Genuae, Anno 1722. editum, Nunc , pro Veneratione horum Divorum, Et augmento pietatis, Latinitati donatum, A P. Magistro, P. Benigno Sichrowsky, ejusdem Ord. SS. Theol. Doctore, Ex-Provinciali, & Assistente Generali emerito
|
| 260 |
|
|
|a Pragae :
|b Typis Wenceslai Urbani Suchy,
|c 1735
|
| 300 |
|
|
|a [36], 243, [9], 244-499, [8] s. ;
|c 12°
|
| 500 |
|
|
|a Výzdoba: Iniciály, viněty, vlysy, linky z typografických ozdob, vnitřní titulní strana druhé části (chybí)
|
| 510 |
4 |
|
|a Pumprla, V. Soupis starých tisků ve fondech Státní vědecké knihovny v Olomouci: Tisky vydané na území Čech a Moravy v letech 1501-1800,
|c I, s. 76, 194
|
| 563 |
|
|
|a Původní vazba, lepenka potažená barevným papírem, kožený hřbet natřený šedou barvou
|
| 590 |
|
|
|a Chybí (zřejmě) vnitřní titulní list druhé části (tj. nečíslované strany [8/9])
|
| 655 |
|
7 |
|a staré tisky
|7 fd422076
|2 czenas
|
| 700 |
1 |
|
|a Sychrovský, Benignus,
|d 1675-1737
|7 jk01122178
|4 trl
|
| 903 |
|
|
|a RP
|
| 910 |
|
|
|a BOA001
|b ZK-0001.611
|
| 978 |
|
|
|b Suchý, Václav Urban
|a Praha
|c 1735
|
| 984 |
|
|
|a Praha
|b Česko
|
| 985 |
|
|
|a 1701-1750
|
| 990 |
|
|
|a BK
|
| 993 |
|
|
|a Y
|
| 991 |
|
|
|k mzk
|
| 996 |
6 |
|
|b 2610389079
|c ZK-0001.611
|l stud. ST
|r Sklad / do násl. otevíracího dne
|n 0
|h T.III.60
|w 001094709
|x 9
|u 000010
|a 1
|e BOA001
|s P
|